00530nam a2200181Ia 4500008004100000020001800041040001900059041001200078082002600090100001600116245007100132260003900203300001900242504002200261650002500283700001900308850002100327131103s9999 xx 000 0 und d a0 340 08382 4 aLoreto College aEnglish a372.21/COHbLCBED/872 aCohen, Alan 2aA student's guide to teaching practicecAlan Cohen & Norman Garner aLondonbUniversity of Londonc1965 a127p. c 18cm. aIncludes appendix aElementary education aGarner, Norman aLCBED/372.21/COH